Normal view
MARC view
- جان بياجيه- المعرفة -نظرية
Entry Topical Term
001 - CONTROL NUMBER
- control field: 38875
003 - CONTROL NUMBER IDENTIFIER
- control field: JO-AjAnu
005 - DATE AND TIME OF LATEST TRANSACTION
- control field: 20230606080453.0
008 - FIXED-LENGTH DATA ELEMENTS
- fixed length control field: 230606|| aca||aabn | a|a d
040 ## - CATALOGING SOURCE
- Original cataloging agency: JO-AjAnu
- Transcribing agency: JO-AjAnu
150 ## - HEADING--TOPICAL TERM
- Topical term or geographic name entry element: جان بياجيه- المعرفة -نظرية
670 ## - SOURCE DATA FOUND
- Source citation: Work cat.: (JO-AjAnu)19938: عيسى، محمد رفقي, author 38874, جان بياجيه بين النظرية والتطبيق